02495njm a2200397Ia 450000100060000000300090000600500170001500800410003204000130007304000130008604100130009910000110011210000180012310000380014124500360017925000110021526000110022626000760023730000100031350000220032350502410034565000570058670000640064370001450070770001560085270002230100870000820123170000950131370000730140870001360148170001520161770000760176970000900184570000900193570000720202521068IT-RoPAU20220918181118.0131025s9999 xx 000 0 und d aIT-RoPAU cIT-RoPAU aITALIANO aAA.VV. eAutore musica gCodice autore musica SPICS: 12000 aErba di casa mia (Lp Cgd 65411) a1a ed. aMILANO bCGD - MESSAGGERIE MUSICALIc1972 [1a Ed.:1972 - Ed. Lingua Orig.: 1972] aDISCO aCanzone italiana. aErba di casa mia - La tua innocenza - Ti ruberei - L'infinito - Io di più - Amore, cuore mio (dal film "Joe Valachi, i segreti di Cosa Nostra") - Vent'anni - Se bruciasse la città - Rose rosse - Io e te - Adagio veneziano - Aranjuez aCANZONE ITALIAN [DISCHI]eCodice MATERIA SPICS: 9950 aRanieri MassimogCodice interprete SPICS: 111084Interprete aSavio G.gCodice autore musica SPICS: 140824Autore musicapErba di casa mia - Ti ruberei - L'infinito - Vent'anni - Se bruciasse la città aPolitogCodice autore musica SPICS: 139874Autore musicapErba di casa mia - Ti ruberei - L'infinito - Vent'anni - Se bruciasse la città - Rose rosse aBigazzi GiancarlogCodice autore testo/musica SPICS: 138394Autore testo/musicapErba di casa mia - Ti ruberei - L'infinito - Io di più - Vent'anni - Se bruciasse la città - Rose rosse - Adagio veneziano - Aranjuez aCavallarogCodice autore musica SPICS: 138584Autore musicapLa tua innocenza aLimiti P.gCodice autore testo/musica SPICS: 138694Autore testo/musica pLa tua innocenza aVibiogCodice autore musica SPICS: 245434Autore musicapIo di più aOrtolani RizgCodice autore musica SPICS: 110494Autore musicapAmore, cuore mio (dal film "Joe Valachi, i segreti di Cosa Nostra") aPallavicini VitogCodice autore testo/musica SPICS: 136564Autore testo/musicapAmore, cuore mio (dal film "Joe Valachi, i segreti di Cosa Nostra") aPace DanielegCodice autore musica SPICS: 138564Autore musicapIo e te aMorricone EnniogCodice autore testo/musica SPICS: 35354Autore testo/musicapIo e te aMarcello BenedettogCodice autore musica SPICS: 82564Autore musicapAdagio veneziano aRodrigogCodice autore musica SPICS: 245444Autore musicapAranjuez